00394nam a2200121Ia 45000030006000000080041000060400015000471000068000622450089001302600024002195460012002430050017002550STCL150530s9999 xx 000 0 und d aSTCLcSTCL aCommittee on Economics Teaching Meterial for Asian Universities aEconomic theory and practice in the Asian setting vol-3 the economics of agriculture bWiley Easternc1975 aEnglish20220125165553.0